000 00286nam a2200097Ia 4500
001 758074
005 20250826164849.0
008 250824s9999 xx 000 0 und d
245 0 _aHER YÖNÜYLE DİL/ANA ÇİZGİLERİYLE DİLBİLİM/1
_cDOĞAN AKSAN
260 _bTÜRK DİL KURUMU YAYINLARI
999 _c758074
_d758074